Vivienda colectiva en europa : (Registro nro. 5076)
[ vista simple ]
| 000 -LEADER | |
|---|---|
| fixed length control field | 01032nam a22002777a 4500 |
| 003 - CONTROL NUMBER IDENTIFIER | |
| control field | PE SENCICO BE |
| 005 - DATE AND TIME OF LATEST TRANSACTION | |
| control field | 20251020182711.0 |
| 008 - FIXED-LENGTH DATA ELEMENTS--GENERAL INFORMATION | |
| fixed length control field | 250127b |||||||| |||| 00| 0 eng d |
| 040 ## - CATALOGING SOURCE | |
| Original cataloging agency | PE SENCICO BE |
| Transcribing agency | PE SENCICO BE |
| 041 ## - LANGUAGE CODE | |
| Language code of text/sound track or separate title | spa |
| -- | eng |
| 082 ## - DEWEY DECIMAL CLASSIFICATION NUMBER | |
| Classification number | 728.31094 |
| Item number | L25 |
| 100 1# - MAIN ENTRY--PERSONAL NAME | |
| 9 (RLIN) | 2873 |
| Personal name | Lapuerta, José María de |
| Relator term | autor |
| 245 1# - TITLE STATEMENT | |
| Title | Vivienda colectiva en europa : |
| Remainder of title | housetag = european collective housing 2000-2021 / |
| Statement of responsibility, etc. | José María de la Puerta, Carmen Espegel, Andrés Cánovas |
| 250 ## - EDITION STATEMENT | |
| Edition statement | [1a ed.] |
| 260 ## - PUBLICATION, DISTRIBUTION, ETC. | |
| Place of publication, distribution, etc. | Madrid : |
| Name of publisher, distributor, etc. | TC cuadernos ; |
| Date of publication, distribution, etc. | 2021 |
| 300 ## - PHYSICAL DESCRIPTION | |
| Extent | 463 páginas : |
| Other physical details | ilustraciones a color, láminas ; |
| Dimensions | 30 cm. |
| 440 ## - SERIES STATEMENT/ADDED ENTRY--TITLE | |
| 9 (RLIN) | 2874 |
| Title | Biblioteca TC |
| Number of part/section of a work | General de ediciones de arquitectura |
| 650 10 - SUBJECT ADDED ENTRY--TOPICAL TERM | |
| 9 (RLIN) | 1456 |
| Topical term or geographic name entry element | Viviendas multifamiliares |
| 650 20 - SUBJECT ADDED ENTRY--TOPICAL TERM | |
| 9 (RLIN) | 2875 |
| Topical term or geographic name entry element | Conjunto de vivienda |
| 650 20 - SUBJECT ADDED ENTRY--TOPICAL TERM | |
| 9 (RLIN) | 370 |
| Topical term or geographic name entry element | Arquitectura de viviendas |
| 650 20 - SUBJECT ADDED ENTRY--TOPICAL TERM | |
| 9 (RLIN) | 18 |
| Topical term or geographic name entry element | Diseño arquitectónico |
| 700 1# - ADDED ENTRY--PERSONAL NAME | |
| 9 (RLIN) | 2876 |
| Personal name | Espegel, Carmen |
| Relator term | autor |
| 700 1# - ADDED ENTRY--PERSONAL NAME | |
| 9 (RLIN) | 2877 |
| Personal name | Cánovas, Andrés |
| Relator term | autor |
| 910 ## - USER-OPTION DATA (OCLC) | |
| User-option data | hfp |
| -- | hfp |
| -- | hfp |
| 942 ## - ADDED ENTRY ELEMENTS (KOHA) | |
| Source of classification or shelving scheme | Dewey Decimal Classification |
| Koha item type | Libros |
| Fecha de la última vez que lo usaron | Pago total | Signatura topográfica completa | Código de barras | Precio efectivo desde | Tipo de documento | Estado perdido | Sistema de clasificación | Estado dañado | No es para préstamo | Retirado | Ubicación permanente | Ubicación actual | Fecha de adquisición | Fuente de adquisición |
|---|---|---|---|---|---|---|---|---|---|---|---|---|---|---|
| 27/01/2025 | 728.31094/L25 | BibLima25010047 | 27/01/2025 | Libros | Dewey Decimal Classification | Biblioteca Central Lima | Biblioteca Central Lima | 18/11/2024 | Comprado de la librería Megabook |